Global environmental politics / (Record no. 30998)

MARC details
000 -LEADER
fixed length control field 01219pam a2200349 i 4500
001 - CONTROL NUMBER
control field 019664205
003 - CONTROL NUMBER IDENTIFIER
control field EG-ScBUE
005 - DATE AND TIME OF LATEST TRANSACTION
control field 20251006091204.0
008 - FIXED-LENGTH DATA ELEMENTS--GENERAL INFORMATION
fixed length control field 191022t2020 enkab f b 001 0 eng d
020 ## - INTERNATIONAL STANDARD BOOK NUMBER
International Standard Book Number 9780198826088
040 ## - CATALOGING SOURCE
Original cataloging agency StDuBDS
Language of cataloging eng
Description conventions rda
Transcribing agency StDuBDS
Modifying agency EG-ScBUE
041 1# - LANGUAGE CODE
Language code of text/sound track or separate title eng
Language code of original and/or intermediate translations of text fre
082 04 - DEWEY DECIMAL CLASSIFICATION NUMBER
Classification number 363.7
Edition number 22
Item number MOR
100 1# - MAIN ENTRY--PERSONAL NAME
Personal name Morin, Jean-Frédéric,
Relator term author.
245 10 - TITLE STATEMENT
Title Global environmental politics /
Statement of responsibility, etc Jean-Frédéric Morin, Amandine Orsini, Sikina Jinnah.
264 #1 - PUBLICATION, DISTRIBUTION, ETC. (IMPRINT)
Place of publication, distribution, etc Oxford :
Name of publisher, distributor, etc Oxford University Press,
Date of publication, distribution, etc [2020]
264 #4 - PUBLICATION, DISTRIBUTION, ETC. (IMPRINT)
Date of publication, distribution, etc ©2020
300 ## - PHYSICAL DESCRIPTION
Extent xv, 384 pages :
Other physical details illustrations (colour), maps (colour) ;
Dimensions 25 cm
336 ## - CONTENT TYPE
Content type term text
Source rdacontent
Content type code txt
336 ## - CONTENT TYPE
Content type term still image
Source rdacontent
Content type code txt
336 ## - CONTENT TYPE
Content type term cartographic image
Source rdacontent
Content type code txt
337 ## - MEDIA TYPE
Media type term unmediated
Source rdamedia
Media type code n
338 ## - CARRIER TYPE
Carrier type term volume
Source rdacarrier
Carrier type code nc
504 ## - BIBLIOGRAPHY, ETC. NOTE
Bibliography, etc Includes bibliographical references and index.
650 #7 - SUBJECT ADDED ENTRY--TOPICAL TERM
Topical term or geographic name as entry element Environmental policy
General subdivision International cooperation.
Source of heading or term BUEsh
653 ## - INDEX TERM--UNCONTROLLED
Arrived date list October2025
Resource For college BAEPS, Political Science
655 ## - INDEX TERM--GENRE/FORM
Form subdivision Reading book
700 1# - ADDED ENTRY--PERSONAL NAME
Personal name Orsini, Amandine,
Relator term author.
700 1# - ADDED ENTRY--PERSONAL NAME
Personal name Jinnah, Sikina,
Dates associated with a name 1977-
Relator term author.
942 ## - ADDED ENTRY ELEMENTS (KOHA)
Source of classification or shelving scheme Dewey Decimal Classification
Koha item type Book - Borrowing
Holdings
Withdrawn status Lost status Source of classification or shelving scheme Damaged status Not for loan Collection code Home library Current library Shelving location Date acquired Source of acquisition Cost, normal purchase price Serial Enumeration / chronology Total Checkouts Full call number Barcode Date last seen Cost, replacement price Price effective from Koha item type
    Dewey Decimal Classification     Baccah Central Library Central Library First floor 06/10/2025 Purchase 2417.00 39687   363.7 MOR 000057390 06/10/2025 3021.25 06/10/2025 Book - Borrowing